| 000 | 00875nam a2200265Ia 4500 | ||
|---|---|---|---|
| 003 | OSt | ||
| 005 | 20221005061159.0 | ||
| 006 | a|||||r|||| 00| 0 | ||
| 007 | ta | ||
| 008 | 221004b |||||||| |||| 00| 0 eng d | ||
| 020 |
_a9780415812528 (hbk) _cQ3995 |
||
| 024 | _a12680 | ||
| 037 |
_bIN1394, 19/03/2014, New India Book Agency _cTextual |
||
| 040 |
_aCRL _cCRL _beng |
||
| 041 |
_2eng _aeng |
||
| 082 | _aY57:7:7:7.231, Q3 | ||
| 100 |
_aSaglio - Yatzimirsky Marie - Caroline _9283254 |
||
| 245 | 0 |
_aDharavi _b From mega - slum to urban paradigm |
|
| 260 |
_aLondon _bRoutledge UK _c2013 |
||
| 300 |
_aix, 379p. _ccm. |
||
| 490 | _aCities and the Urban imperative | ||
| 650 | _aSOCIOLOGY | ||
| 942 |
_hY57:7:7:7.231, Q3 _cTEXL _2cc |
||
| 999 |
_c967790 _d967790 |
||